000 00829nam a22003250a 4500
001 PT31830
003 AR-LpoUNG
005 20210131225856.0
008 191001s1969||||ag |||||||||||||||||spa d
040 _aAR-LpoUNG
_bspa
_cAR-LpoUNG
_eaacr
041 _aspa
044 _aag
082 0 _a982.05 12his
100 1 _aIbarguren, Carlos
245 1 3 _aLa historia que he vivido
250 _a1ra ed.
260 _aBuenos Aires :
_bEUDEBA,
_c1969.
300 _axii, 487 p. :
_btbls.
650 4 _aANALISIS HISTORICO
650 4 _aARGENTINA
650 4 _aBIOGRAFIAS
650 4 _aHISTORIA POLITICA
650 4 _aIDEOLOGIAS POLITICAS
650 4 _aJEFES DE ESTADO
650 4 _aPRESIDENCIA
650 4 _aRELACIONES INTERNACIONALES
700 1 _aPaz, Ricardo Alberto
_eprĂ³l.
905 _a31830
942 _cLSALA
999 _c299
_d299